|
|
|
|
| LEADER |
00000nas a2200000 a 4500 |
| 001 |
ssj0021370 |
| 003 |
WaSeSS |
| 005 |
20200512172242.0 |
| 006 |
m d |
| 007 |
cr n |
| 008 |
010212d20012017enkqr p s 0 0eng |
| 010 |
|
|
|a 2001243048
|
| 015 |
|
|
|a GBA124033
|2 bnb
|
| 015 |
|
|
|a GBA124033
|2 bnb
|
| 016 |
7 |
|
|a 101087687
|2 DNLM
|
| 016 |
7 |
|
|a 011648907
|2 Uk
|
| 022 |
|
|
|a 2045-2098
|l 1471-1893
|y 1471-1893
|
| 032 |
|
|
|a 650
|b USPS
|
| 035 |
|
|
|a (WaSeSS)ssj0021370
|
| 037 |
|
|
|b Faculty of Family Planning and Reproductive Health Care, 19 Cornwall Terrace, Regent's Park, London NW1 4QP, England
|
| 040 |
|
|
|a NLM
|b eng
|c NLM
|d OCLCQ
|d CDS
|d OCLCQ
|d DLC
|d UKMGB
|d OCLCF
|d OCLCQ
|d OCLCO
|d OCLCQ
|d NLM
|d EUM
|d NLW
|d OCLCQ
|d WaSeSS
|
| 042 |
|
|
|a pcc
|
| 043 |
|
|
|a e-uk---
|
| 050 |
|
4 |
|a HQ763
|b .J68
|
| 060 |
0 |
0 |
|a W1
|b BR531
|
| 082 |
0 |
4 |
|a 363.9605
|2 21
|
| 210 |
1 |
0 |
|a J Fam Plann Reprod Health Care
|2 dnlm
|
| 245 |
0 |
4 |
|a The journal of family planning and reproductive health care
|h [electronic resource] /
|c Faculty of Family Planning & Reproductive Health Care, Royal College of Obstetricians & Gynaecologists.
|
| 260 |
|
|
|a Chichester, West Sussex, England :
|b PMH Publications,
|c [2001?-]
|
| 310 |
|
|
|a Quarterly
|
| 362 |
0 |
|
|a Vol 27, no 1 (Jan. 2001)-
|
| 362 |
1 |
|
|a Ceased with Vol 43, no 4 (Oct. 2017)
|
| 500 |
|
|
|a Title from cover.
|
| 506 |
|
|
|a License restrictions may limit access.
|
| 588 |
|
|
|a Latest issue consulted: Vol 43, no 4 (Oct. 2017).
|
| 650 |
|
0 |
|a Birth control
|z Great Britain
|v Periodicals.
|
| 650 |
|
0 |
|a Reproductive health
|z Great Britain
|v Periodicals.
|
| 650 |
|
7 |
|a Birth control.
|2 fast
|0 (OCoLC)fst00833148
|
| 650 |
|
7 |
|a Reproductive health.
|2 fast
|0 (OCoLC)fst01095004
|
| 650 |
1 |
2 |
|a Family Planning Services.
|
| 650 |
2 |
2 |
|a Reproductive Medicine
|x methods.
|
| 651 |
|
7 |
|a Great Britain.
|2 fast
|0 (OCoLC)fst01204623
|
| 653 |
|
|
|a JFPRHC
|
| 655 |
|
0 |
|a Electronic journals.
|
| 710 |
2 |
|
|a Royal College of Obstetricians and Gynaecologists (Great Britain).
|b Faculty of Family Planning & Reproductive Health Care.
|
| 780 |
0 |
0 |
|t British journal of family planning
|x 0144-8625
|w (DLC)sn 80013643
|w (OCoLC)6084262
|
| 785 |
0 |
0 |
|t BMJ sexual & reproductive health
|x 2515-1991
|
| 850 |
|
|
|a DNLM
|
| 856 |
4 |
0 |
|z Full text available from Research Library: 01/01/2001 to 2017
|u https://search.proquest.com/publication/2041029
|